Market-Consistent Actuarial Valuation (Record no. 19886)
[ view plain ]
| 000 -LEADER | |
|---|---|
| fixed length control field | 00993nmm a22002775u 4500 |
| 005 - DATE AND TIME OF LATEST TRANSACTION | |
| control field | 20210210213351.0 |
| 008 - FIXED-LENGTH DATA ELEMENTS--GENERAL INFORMATION | |
| fixed length control field | 100301s2008 gw j eng d |
| 020 ## - INTERNATIONAL STANDARD BOOK NUMBER | |
| International Standard Book Number | 9783540736431 |
| 050 04 - LIBRARY OF CONGRESS CALL NUMBER | |
| Classification number | HG8781 |
| Item number | W88 2008 |
| 100 1# - MAIN ENTRY--PERSONAL NAME | |
| Personal name | Wüthrich, Mario Valentin. |
| 245 10 - TITLE STATEMENT | |
| Title | Market-Consistent Actuarial Valuation |
| Medium | [electronic resource] / |
| Statement of responsibility, etc | by Mario Valentin Wüthrich, Hans Bühlmann, Hansjörg Furrer. |
| 250 ## - EDITION STATEMENT | |
| Edition statement | 1a ed. |
| 260 ## - PUBLICATION, DISTRIBUTION, ETC. (IMPRINT) | |
| Place of publication, distribution, etc | Berlin, Heidelberg : |
| Name of publisher, distributor, etc | Springer-Verlag Berlin Heidelberg, |
| Date of publication, distribution, etc | 2008. |
| 300 ## - PHYSICAL DESCRIPTION | |
| Other physical details | v.: digital |
| 490 #0 - SERIES STATEMENT | |
| Series statement | EAA Lecture Notes, |
| International Standard Serial Number | 1865-2174 |
| 650 #4 - SUBJECT ADDED ENTRY--TOPICAL TERM | |
| Topical term or geographic name as entry element | Seguros de vida |
| General subdivision | Matemáticas |
| 650 #4 - SUBJECT ADDED ENTRY--TOPICAL TERM | |
| Topical term or geographic name as entry element | Seguros |
| General subdivision | Matemáticas |
| 650 #4 - SUBJECT ADDED ENTRY--TOPICAL TERM | |
| Topical term or geographic name as entry element | Compañías de seguros |
| General subdivision | Valoración |
| 700 1# - ADDED ENTRY--PERSONAL NAME | |
| Personal name | Bühlmann, Hans. |
| 700 1# - ADDED ENTRY--PERSONAL NAME | |
| Personal name | Furrer, Hansjörg. |
| 710 2# - ADDED ENTRY--CORPORATE NAME | |
| Corporate name or jurisdiction name as entry element | SpringerLink (Online service) |
| 773 0# - HOST ITEM ENTRY | |
| Title | Springer eBooks |
| 856 40 - ELECTRONIC LOCATION AND ACCESS | |
| Uniform Resource Identifier | http://dx.doi.org/10.1007/978-3-540-73643-1 |
| 942 ## - ADDED ENTRY ELEMENTS (KOHA) | |
| Source of classification or shelving scheme | Biblioteca del Cogreso de los Estados Unidos |
| Koha item type | Libro Electrónico |
| Estado de pérdida | Fuente de clasificación | Estado del daño | No para préstamo | Ubicación permanente | Ubicación actual | Apartado o colección | Fecha de adquisición | Edición | Área del conocimiento | Total Checkouts | Clasificación | Código de Barras | Date last seen | Número de copia | Identificador universal de recursos URL | Costo por reposición | Tipo de recurso | Nota pública |
|---|---|---|---|---|---|---|---|---|---|---|---|---|---|---|---|---|---|---|
| Biblioteca del Cogreso de los Estados Unidos | Biblioteca Digital | Biblioteca Digital | Colección Digital | 10/02/2021 | 1a ed. | Ciencias Sociales y Administrativas | HG8781 W88 2008 | BDIG00010799 | 10/02/2021 | 1 | http://dx.doi.org/10.1007/978-3-540-73643-1 | 1.00 | Libro Electrónico | SpringerLink |